Efeito de fungicidas no controle da lixa-pequena (Catacauma torrendiella)e queima-das-folhas (Lasiodiplodia theobromae)do coqueiro (Cocos nucifera)em Sergipe (Registro n. 131783)
[ somente texto ]
| 000 -LÍDER | |
|---|---|
| campo de controle de tamanho fixo | 01121nas a2200289 4500 |
| 001 - NÚMERO DE CONTROLE | |
| campo de controle | BR9201772 |
| 003 - IDENTIFICADOR DO NÚMERO DE CONTROLE | |
| campo de controle | BR-BrBNA |
| 005 - DATA E HORÁRIO DA ÚLTIMA TRANSAÇÃO | |
| campo de controle | 20231205092441.0 |
| 007 - CAMPO FIXO DE DESCRIÇÃO FÍSICA--INFORMAÇÃO GERAL | |
| campo de controle de tamanho fixo | ta |
| 008 - CAMPO DE DADOS FIXOS--INFORMAÇÃO GERAL | |
| campo de controle de tamanho fixo | 230509b bl.|||p| |||| 00| 00por d |
| 040 ## - FONTE DA CATALOGAÇÃO | |
| Instituição da catalogação original | BR-BrBNA |
| Idioma da catalogação | por |
| Instituição que transcreveu o registro | Biblioteca Nacional de Agricultura |
| 041 ## - CÓDIGO DE IDIOMA | |
| Código do idioma do texto/trilha sonora ou título diferente | (Pt) |
| 072 ## - CÓDIGO DE CATEGORIA DE ASSUNTO | |
| Código de Categoria de Assunto | H20 |
| 100 1# - ENTRADA PRINCIPAL--NOME PESSOAL | |
| Nome pessoal | Ram, C. |
| 111 1# - ENTRADA PRINCIPAL--NOME DO EVENTO | |
| Nome do evento ou lugar | 22. Congresso Brasileiro de Fitopatologia |
| Local do evento | Recife, PE (Brazil) |
| Data do evento ou assinatura do tratado | Jul 1989 |
| 245 1# - TÍTULO | |
| Título | Efeito de fungicidas no controle da lixa-pequena (Catacauma torrendiella)e queima-das-folhas (Lasiodiplodia theobromae)do coqueiro (Cocos nucifera)em Sergipe |
| 246 1# - FORMA VARIANTE DO TÍTULO | |
| Título/título abreviado | Effect of fungicides on the control of small-verrucosis (Catacauma torrendiella)and leaf blight (Lasiodiplodia theobromae)of coconut (Cocos nucifera)in Sergipe, Brazil |
| 650 ## - ASSUNTO--TERMO TÓPICO | |
| Cabeçalho tópico ou nome geográfico | COCO |
| 650 ## - ASSUNTO--TERMO TÓPICO | |
| Cabeçalho tópico ou nome geográfico | LIXA PRETA |
| 650 ## - ASSUNTO--TERMO TÓPICO | |
| Cabeçalho tópico ou nome geográfico | QUEIMA DA FOLHA |
| 650 ## - ASSUNTO--TERMO TÓPICO | |
| Cabeçalho tópico ou nome geográfico | FUNGICIDA |
| 650 ## - ASSUNTO--TERMO TÓPICO | |
| Cabeçalho tópico ou nome geográfico | CONTROLE QUIMICO |
| 650 ## - ASSUNTO--TERMO TÓPICO | |
| Cabeçalho tópico ou nome geográfico | SERGIPE |
| 773 0# - ENTRADA ANALÍTICA | |
| Título | Fitopatologia Brasileira (Brazil) |
| ISSN - International Standard Serial Number | ISSN 0100-4158 |
| Partes relacionadas | (Dec 1990), v. 15(4) p. 289-291 |
| Número de controle do registro | BR9201772 |
| 909 ## - | |
| -- | 202311 |
| -- | Lúcia |
| -- | 55 |
| -- | Lúcia Elande |
| 942 ## - ELEMENTOS DE ENTRADA ADICIONADOS (KOHA) | |
| Fonte da classificação ou esquema de arquivamento na estante | Classificação AGRIS |
| Ocultar no OPAC | Não |
| Tipo de material Koha | Analítica |
| Situação do descarte | Fonte da classificação ou esquema de arquivamento na estante | Situação física | Não pode ser emprestado | Biblioteca de origem | Biblioteca atual | Localização na estante | Enumeração do periódico / cronologia | Total de empréstimos | Data de último acesso | Número do exemplar | Tipo de material Koha | Fonte de aquisição |
|---|---|---|---|---|---|---|---|---|---|---|---|---|
| Classificação AGRIS | Consulta local | Biblioteca Nacional de Agricultura - Binagri | Biblioteca Nacional de Agricultura - Binagri | (Dec 1990), v. 15(4) p. 289-291 | 29/11/2023 | 01 | Periódicos | Portaria Interministerial nº 164/94 |

BINAGRI